<?xml version='1.0' encoding='UTF-8'?>
  <record xmlns="http://www.loc.gov/MARC21/slim">
    <leader>00000cfm a22000007i 4500</leader>
    <controlfield tag="001">on1341395733</controlfield>
    <controlfield tag="003">OCoLC</controlfield>
    <controlfield tag="005">20231213210205.5</controlfield>
    <controlfield tag="007">kl ho|</controlfield>
    <controlfield tag="008">220819s1787    ne        a     |   dut d</controlfield>
    <datafield tag="040" ind1=" " ind2=" ">
      <subfield code="a">QGJ</subfield>
      <subfield code="b">eng</subfield>
      <subfield code="e">rda</subfield>
      <subfield code="e">dcrmg</subfield>
      <subfield code="c">QGJ</subfield>
      <subfield code="d">QGJ</subfield>
      <subfield code="d">OCLCA</subfield>
      <subfield code="d">QGJ</subfield>
      <subfield code="d">OCL</subfield>
      <subfield code="d">OCLCO</subfield>
      <subfield code="d">OCLCL</subfield>
    </datafield>
    <datafield tag="035" ind1=" " ind2=" ">
      <subfield code="a">(OCoLC)1341395733</subfield>
    </datafield>
    <datafield tag="245" ind1="0" ind2="0">
      <subfield code="a">Campeering in Oorlogstijd van een Brigade of twee Divisien Artillerie bij een Armee ingedeeld zijnde volgens Reglement Ao. 1787 van de Keur-Brunswijk-Lunenburgsche Troupes.</subfield>
    </datafield>
    <datafield tag="264" ind1=" " ind2="1">
      <subfield code="a">[The Netherlands],</subfield>
      <subfield code="c">[approximately 1787]</subfield>
    </datafield>
    <datafield tag="300" ind1=" " ind2=" ">
      <subfield code="a">manuscript ink drawing :</subfield>
      <subfield code="b">yellow hand-coloring ;</subfield>
      <subfield code="c">45 x 57 cm on sheet 49 x 62 cm</subfield>
    </datafield>
    <datafield tag="336" ind1=" " ind2=" ">
      <subfield code="a">still image</subfield>
      <subfield code="b">sti</subfield>
      <subfield code="2">rdacontent</subfield>
    </datafield>
    <datafield tag="336" ind1=" " ind2=" ">
      <subfield code="a">cartographic image</subfield>
      <subfield code="b">cri</subfield>
      <subfield code="2">rdacontent</subfield>
    </datafield>
    <datafield tag="337" ind1=" " ind2=" ">
      <subfield code="a">unmediated</subfield>
      <subfield code="b">n</subfield>
      <subfield code="2">rdamedia</subfield>
    </datafield>
    <datafield tag="338" ind1=" " ind2=" ">
      <subfield code="a">sheet</subfield>
      <subfield code="b">nb</subfield>
      <subfield code="2">rdacarrier</subfield>
    </datafield>
    <datafield tag="340" ind1=" " ind2=" ">
      <subfield code="a">paper</subfield>
      <subfield code="2">rdamat</subfield>
    </datafield>
    <datafield tag="340" ind1=" " ind2=" ">
      <subfield code="m">full-sheet</subfield>
      <subfield code="2">rdabf</subfield>
    </datafield>
    <datafield tag="500" ind1=" " ind2=" ">
      <subfield code="a">With extensive explanatory notes, entitled: "Renvoij voor de nevenstaande Campeering" (80 lines, 423 mm (height) x 212 mm (width)).</subfield>
    </datafield>
    <datafield tag="500" ind1=" " ind2=" ">
      <subfield code="a">Text inside right border: "Train Leeger Diep 686 voet, Breed 746. Voeten"; and: "Artillerie Leeger Diep 720. voet, breed 920. voeten".</subfield>
    </datafield>
    <datafield tag="500" ind1=" " ind2=" ">
      <subfield code="a">With watermark of Adriaan Rogge from Zaandam (The Netherlands), showing his name, initials and a coat of arms showing a French lily.</subfield>
    </datafield>
    <datafield tag="650" ind1=" " ind2="0">
      <subfield code="a">Artillery.</subfield>
    </datafield>
    <datafield tag="650" ind1=" " ind2="0">
      <subfield code="a">Military camps.</subfield>
    </datafield>
    <datafield tag="650" ind1=" " ind2="0">
      <subfield code="a">Military training camps.</subfield>
    </datafield>
    <datafield tag="650" ind1=" " ind2="6">
      <subfield code="a">Artillerie.</subfield>
    </datafield>
    <datafield tag="650" ind1=" " ind2="6">
      <subfield code="a">Camps.</subfield>
    </datafield>
    <datafield tag="650" ind1=" " ind2="7">
      <subfield code="a">artillery (firearms)</subfield>
      <subfield code="2">aat</subfield>
    </datafield>
    <datafield tag="650" ind1=" " ind2="7">
      <subfield code="a">Military training camps</subfield>
      <subfield code="2">fast</subfield>
    </datafield>
    <datafield tag="650" ind1=" " ind2="7">
      <subfield code="a">Military camps</subfield>
      <subfield code="2">fast</subfield>
    </datafield>
    <datafield tag="650" ind1=" " ind2="7">
      <subfield code="a">Artillery</subfield>
      <subfield code="2">fast</subfield>
    </datafield>
    <datafield tag="700" ind1="1" ind2=" ">
      <subfield code="a">Moll, Gerard,</subfield>
      <subfield code="d">1785-1838,</subfield>
      <subfield code="e">former owner.</subfield>
      <subfield code="4">fmo</subfield>
      <subfield code="1">https://id.oclc.org/worldcat/entity/E39PBJrKRbbjw8yybw8pgjrpfq</subfield>
    </datafield>
    <datafield tag="700" ind1="1" ind2=" ">
      <subfield code="a">Rogge, Adriaan</subfield>
      <subfield code="q">(Adriaan Jansz),</subfield>
      <subfield code="d">1732-1816,</subfield>
      <subfield code="e">papermaker.</subfield>
      <subfield code="4">ppm</subfield>
      <subfield code="1">https://id.oclc.org/worldcat/entity/E39PCjqv8YcXH7tBKpw7pdb36X</subfield>
    </datafield>
  </record>